| 000 | 01043nam a22003137a 4500 | ||
|---|---|---|---|
| 003 | CHAP | ||
| 005 | 20220329135159.0 | ||
| 008 | 971013s1981 r 00010 d | ||
| 010 | _a32240 | ||
| 011 | _a33212 | ||
| 035 | _a37327 | ||
| 040 | _cCHAP | ||
| 082 |
_a020 _bM3 |
||
| 100 | 0 | 0 |
_aMartyn, John. _972713 |
| 245 |
_aInvestigative methos in library and information science _b: an introduction |
||
| 260 |
_aArlington : _bInformation Resources, _c1981 |
||
| 300 |
_a280 p. _b: ilus |
||
| 590 |
_aBATCH-UPD _b10 _c20130110 _lUCH01 _h0130 |
||
| 590 |
_aBATCH-UPD _b10 _c20130110 _lUCH01 _h2140 |
||
| 590 |
_aBATCH-UPD _b10 _c20130410 _lUCH01 _h1448 |
||
| 590 |
_aBATCH-UPD _b10 _c20130914 _lUCH01 _h0625 |
||
| 590 |
_aCONVERSION _b10 _c20130109 _lUCH01 _h1318 |
||
| 650 | 1 | 4 |
_aBiblioteconomÃa _xInvestigación. _912579 |
| 700 | 0 |
_aLancaster, Frederick Wilfrid. _964621 |
|
| 901 | _aBK | ||
| 942 | _cLIBRO | ||
| 949 |
_a020 M3 _bBC _cB _d-85518 _eB _gI.123888 _h64952 _i37327 _si _t6.37 |
||
| 949 |
_a020 M3 _bBC _cB _d-85519 _eB _fc.2 _h82135 _i37327 _si _t43.00 |
||
| 999 |
_c32240 _d32240 |
||